Διάβρωση και συντήρηση των δομικών υλικών των μνημείων

Αποθηκεύτηκε σε:
Λεπτομέρειες βιβλιογραφικής εγγραφής
Κύριος συγγραφέας: Σκουλικίδης, Θεόδωρος Ν. 1925-
Μορφή: Βιβλίο
Γλώσσα:Greek
Δημοσίευση: Ηράκλειο : Πανεπιστημιακές Εκδόσεις Κρήτης, 2000
Σειρά:Πανεπιστημιακή Βιβλιοθήκη Θετικών Επιστημών. Χημεία .
Θέματα:
Ετικέτες: Προσθήκη ετικέτας
Δεν υπάρχουν, Καταχωρήστε ετικέτα πρώτοι!

MARC

LEADER 00000nam a2200000 i 4500
001 1/28266
008 021025s2000 gre d
020 |a 960-524-076-9 
035 |l 10068586 
040 |a GR-MY-UA  |b gre  |e aacr 
041 0 |a gre 
082 0 |a 620.11223 
100 1 |a Σκουλικίδης, Θεόδωρος Ν.  |d 1925- 
245 1 0 |a Διάβρωση και συντήρηση των δομικών υλικών των μνημείων /  |c Θ. Ν. Σκουλικίδης 
260 |a Ηράκλειο :   |b Πανεπιστημιακές Εκδόσεις Κρήτης,   |c 2000 
300 |a 340 σ.;  |c 25 εκ. 
490 1 |a Πανεπιστημιακή Βιβλιοθήκη Θετικών Επιστημών/Χημεία 
504 |a Περιέχει βιβλιογραφία και ευρετήριο 
650 0 0 |a Corrosion and anti-corrosives. 
650 0 0 |a Corrosion resistant materials. 
830 0 |a Πανεπιστημιακή Βιβλιοθήκη Θετικών Επιστημών.   |p Χημεία . 
852 |a INST  |b LESVOS  |e 20021025  |h 620.11223 ΣΚΟ  |p 005100024951  |q 005100024951  |t BK  |y 0 
901 |a BIBL1-2002-3 
909 |a Λ  |b 102610 
970 |a ΚΑΜΑΤΣΟΥ  |b ΔΕΣΠΟΙΝΑ  |z 2002/10/25